[Event "CRO-chT3 West"]
[Site "Croatia"]
[Date "2020.09.13"]
[Round "3.3"]
[White "Reiter, Emil"]
[Black "Valkovic, Kristian"]
[Result "0-1"]
[WhiteElo "1935"]
[BlackElo "2064"]
[PlyCount "88"]
[EventDate "2020.09.12"]
[EventType "team-tourn"]
[EventRounds "9"]
[EventCountry "CRO"]
[SourceTitle "EXT 2022"]
[Source "ChessBase"]
[SourceDate "2021.10.06"]
[SourceVersion "1"]
[SourceVersionDate "2021.10.06"]
[SourceQuality "1"]
[WhiteTeam "Kraljevica"]
[BlackTeam "Pula II"]
[WhiteTeamCountry "CRO"]
[BlackTeamCountry "CRO"]

1. Nf3 f5 2. g3 Nf6 3. Bg2 g6 4. 0-0 Bg7 5. c4 0-0 6. Nc3 d6 7. d4 Nc6 8. d5 Ne5 9. Nxe5 dxe5 10. e4 f4 11. gxf4 Nh5 12. f5 Nf4 13. Bxf4 exf4 14. Re1 Qd6 15. fxg6 hxg6 16. Qf3 Be5 17. Bh3 Kg7 18. Bxc8 Raxc8 19. Ne2 Rh8 20. Qg4 Qf6 21. Rad1 Rcf8 22. f3 Rh5 23. Kf1 Rxh2 24. Ng1 Rxb2 25. Re2 Rxe2 26. Kxe2 Rh8 27. Nh3 Rh4 28. Qg2 Qa6 29. Ng5 Qxc4+ 30. Rd3 Qxa2+ 31. Rd2 Qc4+ 32. Rd3 Rh6 33. Ne6+ Kg8 34. Ng5 a5 35. Nh3 Qa6 36. Kd2 Qb6 37. Kd1 a4 38. d6 cxd6 39. Qg4 Kg7 40. Nxf4 Rh1+ 41. Ke2 Bxf4 42. Qxf4 Qg1 43. Rd2 Qh2+ 44. Ke3 Re1+ 0-1